| 000 | 00737nam a2200241 i 4500 | ||
|---|---|---|---|
| 001 | 6713 | ||
| 003 | ES-MaACL | ||
| 005 | 20230906145048.0 | ||
| 007 | t| | ||
| 008 | 900301s1990 sp |||| | spa d | ||
| 020 | _a84-7817-008-1 | ||
| 080 | _a850-31"19"(03) | ||
| 100 | 1 |
_aBauco, Luigi. _926506 |
|
| 245 | 1 | 0 |
_aDiccionario de El péndulo de Foucault / _cL. Bauco, F. Millocca ; al c. de L. Turrini ; traducción y adaptación, A. Arce... [et al.]. |
| 250 | _a2ª ed. | ||
| 260 |
_aMadrid : _bPalas Atenea, _c1990. |
||
| 300 |
_a302 p. ; _c23 cm. |
||
| 600 | 1 | 4 |
_aEco, Umberto- _vDiccionarios. _9174991 |
| 700 | 1 |
_aMillocca, F. _981265 |
|
| 700 | 1 |
_aTurrini, L. _9111756 |
|
| 700 | 1 |
_aArce, A. _922443 |
|
| 852 | 4 |
_aES-MaACL _jL-13890 |
|
| 999 |
_c6713 _d6713 |
||